Prípravok na rýchle a flexibilné meranie opotrebovania vybraných druhov rezných platničiek

Bibliographic Details
Corporate Author: Slovenská technická univerzita v Bratislave (Patent holder)
Other Authors: Vopát, Tomáš (Originator), Šimna, Vladimír (Originator)
Format: Book
Language:Slovak
Published: [Banská Bystrica] Úrad priemyselného vlastníctva SR [2018]
Subjects:

MARC

LEADER 00000nam a2200000 a 4500
001 vtls011834377
003 SK-MaSNL
005 20260331211721.0
008 251120s2019 xo a j f000 0 slo
013 |a 288625  |b xo  |c patent  |d 20181119  |e dátum sprístupnenia patentu 
013 |a 11-2017  |e číslo prihlášky  |d 20170201  |e dátum podania prihlášky  |d 20180802  |e dátum zverejnenia prihlášky (Vestník ÚPV SR č.: 08/2018) 
040 |a SNK  |b slo  |c SNK  |e AACR2 
041 0 |a slo 
044 |a xo  |c SK 
072 7 |a 621  |x Strojárstvo  |2 konspekt 
080 |a 621.9.06  |2 2011 
080 |a 621.941  |2 2011 
084 |a B23B 27/16  |2 IPC 
084 |a B23B 29/00 
100 1 |a Vopát, Tomáš  |4 org  |9 440419 
245 1 0 |a Prípravok na rýchle a flexibilné meranie opotrebovania vybraných druhov rezných platničiek  |c Tomáš Vopát, Vladimír Šimna ; patent. zást. Štefan Kováčik 
260 |a [Banská Bystrica]  |b Úrad priemyselného vlastníctva SR  |c [2018] 
300 |a 6 s.  |b obr.  |c 30 cm 
650 0 7 |a sústruženie  |2 SNKPH  |9 69997 
650 0 7 |a obrábanie  |2 SNKPH  |9 25661 
650 0 7 |a Turning  |2 SNKPHeng  |9 353964 
655 7 |a patenty  |2 SNKPH  |9 177343 
655 7 |a patent licenses  |2 SNKPHeng  |9 303430 
700 1 |a Šimna, Vladimír  |4 org  |9 666723 
700 1 |a Kováčik, Štefan  |4 oth  |9 11788 
710 2 |a Slovenská technická univerzita v Bratislave  |4 pth  |9 239337 
852 |a Štátna vedecká knižnica v Banskej Bystrici 
999 |c 1030708  |d 1032638 
952 |a SNK  |b SNK  |y PREZ  |7 0  |p 17A1362678  |o snkSK 288625  |i snk2019/9242  |8 0  |0 0  |1 0  |4 0  |d 2019-04-02  |l 0  |r 2026-02-24 13:53:02  |w 2026-02-24